Prolog

Uloženo v:
Podrobná bibliografie
Hlavní autor: Ivan Bratko
Médium: Kniha
Vydáno: Pearson
Tagy: Přidat tag
Žádné tagy, Buďte první, kdo vytvoří štítek k tomuto záznamu!

MARC

LEADER 00000nam a2200000Ia 4500
005 20260515061615.0
100 |a Ivan Bratko 
020 |a 9788131711347 
942 |c BK 
245 |a Prolog  
260 |b Pearson 
999 |c 23  |d 23 
952 |0 0  |1 0  |4 0  |7 0  |a ABDN  |b ABDN  |d 2026-05-15  |l 0  |p 000094  |r 2026-05-15 06:16:15  |w 2026-05-15  |y BK